ՀՀ Գիտությունների ազգային ակադեմիայի հիմնարար գիտական գրադարան  =   Fundamental Scientific Library of NAS RA

Мой буланый Пегас : (Record no. 539598)

MARC details
000 -LEADER
fixed length control field 00719nam a2200205 4500
003 - CONTROL NUMBER IDENTIFIER
control field AM-YEHGA
005 - DATE AND TIME OF LATEST TRANSACTION
control field 20260120154132.0
008 - FIXED-LENGTH DATA ELEMENTS--GENERAL INFORMATION
fixed length control field 251104s1962 ru ||||| |||| 00| 0 rus d
040 ## - CATALOGING SOURCE
Original cataloging agency AM-YEHGA
041 0# - LANGUAGE CODE
Language code of text/sound track or separate title rus
001 - CONTROL NUMBER
control field 2038678
100 1# - MAIN ENTRY--PERSONAL NAME
Personal name Кежун, Бронислав Адольфович.
245 10 - TITLE STATEMENT
Title Мой буланый Пегас :
Remainder of title Лит. пародии /
Statement of responsibility, etc. Бронислав Кежун ; Дружеские шаржи И. Игина.
260 ## - PUBLICATION, DISTRIBUTION, ETC.
Place of publication, distribution, etc. Москва :
Name of publisher, distributor, etc. Правда,
Date of publication, distribution, etc. 1962.
300 ## - PHYSICAL DESCRIPTION
Extent 64 с. :
Other physical details ил.
440 ## - SERIES STATEMENT/ADDED ENTRY--TITLE
Title Б-ка "Крокодила"
Number of part/section of a work № 4 309
650 14 - SUBJECT ADDED ENTRY--TOPICAL TERM
Topical term or geographic name entry element Юмористическая литература
700 1# - ADDED ENTRY--PERSONAL NAME
Personal name Игин, И.
Relator term ил.
942 ## - ADDED ENTRY ELEMENTS (KOHA)
Source of classification or shelving scheme Universal Decimal Classification
Koha item type Գրքեր / Books

No items available.


ՀՀ ԳԱԱ հիմնարար գիտական գրադարան
ՀՀ,Երևան 0019
Մարշալ Բաղրամյան 24/6
հեռախոս:(374-10) 52-47-50
Հետադարձ կապ

All site content, except where otherwise noted, is licensed under a
Creative Commons License